000 00446nam a22001817a 4500
003 MPLRDC
005 20220104124847.0
008 210129b ||||| |||| 00| 0 eng d
082 _a848.4 WM-14
100 _a王蒙著
245 _a王蒙集
_c
250 _a一版一刷
260 _a
_b海峡文艺出版社
_c1986
300 _b
490 _a新时期中篇小说名作丛书
650 _a现代别集
942 _cBK
_o848.4 WM-14
999 _c22736
_d22726